000 01190naa a2200313 c 4500
001 46446
003 ES-MaCES
005 20150925104036.0
008 150925s2015 sp ||||| t||||||| ||spa d
040 _aES-MaCES
_bspa
_cES-MaCES
_dES-MaCES
100 1 _936030
_aDi Novi, Cinzia
245 1 4 _aThe Quality of Life of Female Informal Caregivers
_b: From Scandinavia to the Mediterranean Sea
_cCinzia Di Novi, Rowena Jacobs, Matteo Migheli
500 _aResumen
504 _aBibliografĂ­a: p. 329-333
650 4 _930651
_acuidado no profesional
650 4 _929260
_aama de casa
650 4 _928657
_amujeres
650 4 _928334
_atrabajo a domicilio
650 4 _928327
_acondiciones de trabajo
650 4 _929237
_acalidad de la vida
650 4 _930622
_acomparabilidad internacional
650 4 _926940
_aEuropa
653 1 0 _aMujer
700 1 _936031
_aJacobs, Rowena
700 1 _936032
_aMigheli, Matteo
773 0 _983413
_dDordrecht (P.O. Box 322, 3300 AH) Kluwer Academic
_o086313
_tEuropean journal of population
_w(ES-MaCES)25397
_gvol. 31, no. 3 (Aug. 2015) {10387 R. 086313} ;p. 309-333
902 _aART ArtĂ­culo de revista
942 _2CES
_cAR
_h3.3.
999 _c46446
_d46446